| 000 | 00455nam a22001817a 4500 | ||
|---|---|---|---|
| 003 | LK-CoDNM | ||
| 005 | 20250121150005.0 | ||
| 008 | 250121b |||||||| |||| 00| 0 eng d | ||
| 040 |
_aLK-CoDNM _dLK-CoDNM _eLK-CoDNM |
||
| 041 | _aeng | ||
| 080 |
_a9 _bFF11 |
||
| 100 | _aF.B.A., Oakler, P., Kenneth | ||
| 245 | _aFossil Men | ||
| 260 |
_aLondon _bThames and Hudson |
||
| 300 | _axxv, 535p. : ill , map , 24 cm | ||
| 650 | _aScience | ||
| 942 | _cBK | ||
| 999 |
_c237209 _d237209 |
||